000 00835nam a2200301 a 4500
003 AR-BaBNM
005 20251128203429.0
008 082120s2002 ||||||||||||||000 | spa||
040 _cAR-BaBNM
100 1 _aBielsa, Rafael
245 0 0 _aCompendio de derecho público, constitucional, administrativo y fiscal
260 _aBuenos Aires
_bEl autor
_c1952
300 _aviii, p. 17-386
500 _aIndice analítico p. 381-386
504 _aContiene bibliografía a pie de página
650 4 _aDERECHO
650 4 _aLEGISLACION
650 4 _aDERECHO CONSTITUCIONAL
650 4 _aCONSTITUCIONES
650 4 _aSOBERANIA
650 4 _aPODER LEGISLATIVO
650 4 _aPODER EJECUTIVO
650 4 _aPODER JUDICIAL
650 4 _aGOBIERNO MUNICIPAL
650 4 _aGOBIERNO PROVINCIAL
942 _cBK
998 _cAndrea
999 _c3356
_d3356